[Event "Barcelona Sant Marti op-B 24th"]
[Site "Barcelona"]
[Date "2024.07.21"]
[Round "9"]
[White "Segarra Gonzalez, Jordi"]
[Black "Comas Molne, Pau"]
[Result "1/2-1/2"]
[WhiteElo "1748"]
[BlackElo "1856"]
[PlyCount "146"]
[EventDate "2024.07.13"]
[EventType "swiss"]
[EventRounds "9"]
[EventCountry "ESP"]
[SourceTitle "EXT 2025"]
[Source "ChessBase"]
[SourceDate "2024.10.14"]
[SourceVersion "1"]
[SourceVersionDate "2024.10.14"]
[SourceQuality "1"]

1. Nf3 c5 2. c4 g6 3. Nc3 Bg7 4. g3 Nf6 5. Bg2 Nc6 6. 0-0 0-0 7. b3 d6 8. Bb2 Rb8 9. d4 cxd4 10. Nxd4 Bd7 11. e4 Nxd4 12. Qxd4 Bc6 13. Nd5 Bxd5 14. exd5 Nh5 15. Qd2 Bxb2 16. Qxb2 b5 17. Qd4 bxc4 18. bxc4 Qc7 19. Rab1 Nf6 20. Bh3 Rxb1 21. Rxb1 Rb8 22. Rb3 Rxb3 23. axb3 Qc5 24. Qxc5 dxc5 25. f3 Kf8 26. Kf2 Ke8 27. Ke3 g5 28. Bf5 Kd8 29. Kd3 Kc7 30. g4 Kd6 31. Ke3 e6 32. dxe6 fxe6 33. Bc2 Ke5 34. Bd1 Ng8 35. h4 h6 36. hxg5 hxg5 37. Bc2 Ne7 38. Be4 a5 39. Bb7 Ng6 40. Bc6 Nf4 41. Bb7 Ng2+ 42. Kf2 Nf4 43. Ke3 Ng6 44. Be4 Ne7 45. Bb7 Ng8 46. Be4 Nf6 47. Bc6 Kd6 48. Be4 Ke5 49. Bc6 Ng8 50. Be4 Ne7 51. Bb7 Ng6 52. Be4 Nh4 53. Bb7 Ng2+ 54. Kf2 Nf4 55. Ke3 Nh3 56. Be4 Nf4 57. Bb7 Ng6 58. Be4 Nf8 59. Bb7 Nd7 60. Bc6 Nb6 61. Bb5 Na8 62. Bc6 Nc7 63. Bb7 Ne8 64. Bc6 Nd6 65. Ba8 a4 66. bxa4 Nxc4+ 67. Ke2 Kf4 68. Be4 e5 69. Bd3 Na5 70. Be4 Nb3 71. Kd3 Na5 72. Ke2 Nc4 73. Bd3 Na5 1/2-1/2

[Event "Barcelona Sant Marti op-B 24th"]
[Site "Barcelona"]
[Date "2024.07.17"]
[Round "5"]
[White "Segarra Gonzalez, Jordi"]
[Black "Atharva, Sadavrate"]
[Result "0-1"]
[WhiteElo "1748"]
[BlackElo "1539"]
[PlyCount "82"]
[EventDate "2024.07.13"]
[EventType "swiss"]
[EventRounds "9"]
[EventCountry "ESP"]
[SourceTitle "EXT 2025"]
[Source "ChessBase"]
[SourceDate "2024.10.14"]
[SourceVersion "1"]
[SourceVersionDate "2024.10.14"]
[SourceQuality "1"]

1. Nf3 Nf6 2. c4 c6 3. e3 d5 4. Nc3 e6 5. b3 Bd6 6. Bb2 0-0 7. Be2 Nbd7 8. Qc2 Re8 9. 0-0 b6 10. cxd5 exd5 11. d4 Nf8 12. Rac1 Ng6 13. a3 Bg4 14. b4 Rc8 15. Qb3 Ne4 16. Nxe4 Rxe4 17. Rc2 Re7 18. Rfc1 Rec7 19. Rc3 h5 20. Qd1 Qf6 21. Ne1 Bxe2 22. Qxe2 h4 23. Nf3 Re8 24. b5 Nf4 25. Qf1 Nh3+ 26. Kh1 Rec8 27. Qe2 Ng5 28. Nxg5 Qxg5 29. Rxc6 h3 30. g3 Qf5 31. f3 a6 32. g4 Qg6 33. Qc2 Qg5 34. Qd3 axb5 35. Rxc7 Rxc7 36. Rxc7 Bxc7 37. Bc1 Qf6 38. Qf5 Qh4 39. Qc8+ Bd8 40. Bd2 Qf2 41. Qxd8+ Kh7 0-1

[Event "Barcelona Sant Marti op-B 24th"]
[Site "Barcelona"]
[Date "2024.07.16"]
[Round "4"]
[White "Lafuma, Antoine"]
[Black "Segarra Gonzalez, Jordi"]
[Result "1-0"]
[WhiteElo "1864"]
[BlackElo "1748"]
[PlyCount "51"]
[EventDate "2024.07.13"]
[EventType "swiss"]
[EventRounds "9"]
[EventCountry "ESP"]
[SourceTitle "EXT 2025"]
[Source "ChessBase"]
[SourceDate "2024.10.14"]
[SourceVersion "1"]
[SourceVersionDate "2024.10.14"]
[SourceQuality "1"]

1. e4 c6 2. c4 d5 3. cxd5 cxd5 4. exd5 Nf6 5. Nc3 Nxd5 6. Nf3 Nc6 7. Bc4 Nf6 8. 0-0 e6 9. d4 Be7 10. Re1 0-0 11. Bf4 a6 12. Qd2 b5 13. Bb3 Na5 14. d5 Nxb3 15. axb3 b4 16. d6 bxc3 17. bxc3 Nd5 18. dxe7 Qxe7 19. Qxd5 Bb7 20. Qd3 Rfd8 21. Qe3 Qd7 22. c4 Qc6 23. Red1 h6 24. h3 g5 25. Rxd8+ Rxd8 26. Bxg5 1-0